=LDR 00000nam 2200000 4500 =001 INLIS000000000027135 =005 20130612125532 =008 ***********************************Ind** =035 ##$$0010-061300000027135 =041 ##$$a Ind =082 ##$$a 796.342 =090 ##$$a 796.342, Chu t =100 ##$$a Chu, Donald A =245 ##$$a Tenis tenaga, Donald A. Chu. Ph.D ; penerjemah, Razi Siregar, Cet.2 =260 ##$$a 2000 $b Jakarta =300 ##$$a xiv, 136 hlm, ilus, 25 cm =650 ##$$a Tenis =850 ##$$a NBPNMAT